Gestionar la confianza: un modelo integrador de las políticas de marketing y gestión de personas para alcanzar la excelencia

Guardat en:
Dades bibliogràfiques
Autor principal: Fernández López, Javier (Autor)
Format: Llibre
Idioma:espanyol
Publicat: Madrid Pearson Educación 2002
Col·lecció:Master de Financial Times
Matèries:
Etiquetes: Afegir etiqueta
Sense etiquetes, Sigues el primer a etiquetar aquest registre!

MARC

LEADER 00000cam a2200000 a 4500
001 UCK8378
003 CL-VaPUC
008 060317e20020000SP |||||||||||||||||spa|d
020 |a 842053563X 
082 0 4 |a 658.4012  |b FER  |2 21 
100 |a Fernández López, Javier  |e author  |9 498129 
245 1 0 |a Gestionar la confianza: un modelo integrador de las políticas de marketing y gestión de personas para alcanzar la excelencia 
300 |a 244 p 
942 |c BK 
945 |d 20060317 00:00:00  |a cmena 
260 |a Madrid  |b Pearson Educación  |c 2002 
650 0 |a Administración de empresas   |9 260833 
650 7 |a SERVICIOS AL CLIENTE  |2 CL-VaPUC  |9 369564 
650 0 |a Recursos humanos   |9 228420 
650 0 |a Planificación estratégica   |9 259735 
650 0 |a Marketing  |9 259324 
650 0 |a Calidad total  |9 259929 
583 |a last modification  |c 20161027 05:51:34  |k Rodrigo Vera 
490 0 |a Master de Financial Times 
999 |c 316033  |d 316031 
952 |0 0  |1 0  |4 0  |6 658_401200000000000_FER_2002  |7 0  |8 A  |9 390106  |a BIBENE  |b BIBENE  |d 2019-11-22  |i 4213696  |o 658.4012 FER 2002  |p 4213696  |r 2025-01-15  |w 2019-11-22  |y BK  |k ICO